Loading...
| Literature - American | 1 | 1 | 0 | 0 | 25 | 66 | 73.50 | 1 | 2 | 0.00 | 0.00 |
| Literature - British | 1 | 1 | 0 | 0 | 25 | 46 | 79.00 | 0 | 2 | 0.00 | 0.00 |
| History - Other | 0 | 2 | 0 | 0 | 20 | 90 | 107.00 | 0 | 2 | 0.00 | 0.00 |
| Fine Arts - Visual | 0 | 2 | 0 | 0 | 20 | 77 | 82.00 | 0 | 2 | 0.00 | 0.00 |
| Literature - World | 1 | 0 | 0 | 0 | 15 | 77 | 77.00 | 1 | 1 | 0.00 | 0.00 |
| History - European | 0 | 2 | 1 | 1 | 15 | 84 | 107.00 | 1 | 1 | 0.00 | 0.00 |
| Social Science | 0 | 1 | 0 | 0 | 10 | 126 | 126.00 | 0 | 0 | 0.00 | 0.00 |
| History - American | 0 | 1 | 0 | 0 | 10 | 102 | 102.00 | 0 | 0 | 0.00 | 0.00 |
| History - World | 0 | 1 | 0 | 1 | 10 | 127 | 127.00 | 0 | 1 | 0.00 | 0.00 |
| Fine Arts - Other | 0 | 1 | 0 | 1 | 10 | 129 | 129.00 | 0 | 0 | 0.00 | 0.00 |
| Mythology | 1 | 0 | 2 | 0 | 5 | 52 | 52.00 | 0 | 0 | 0.00 | 0.00 |
| Science - Chemistry | 0 | 1 | 2 | 0 | 0 | 132 | 132.00 | 1 | 1 | 0.00 | 0.00 |
| Science - Physics | 0 | 0 | 0 | 0 | 0 | 0.00 | 0 | 0 | 0.00 | 0.00 |